000 01195nam a22003377a 4500
003 CHAP
005 20220329141222.0
008 971010s1983 r 00010 d
010 _a64578
011 _a65550
035 _a72495
040 _cCHAP
082 0 4 _a581.24
_bR3
100 0 0 _aRaper, C. David.
_994681
245 1 _aCrop reactions to water and temperature stresses in humid, temperate climates
260 _aBoulder, Colorado :
_bWestview,
_c1983
300 _a371 p.
_b: gráfs
490 _aWestview special studies in agriculture science and policy
590 _aBATCH-UPD
_b10
_c20130110
_lUCH01
_h0650
590 _aBATCH-UPD
_b10
_c20130110
_lUCH01
_h2314
590 _aCONVERSION
_b10
_c20130109
_lUCH01
_h1335
650 1 4 _aAgua
_xEfecto en plantas.
_92372
650 1 4 _aCultivos y clima.
_930392
650 1 4 _aTemperatura
_xEfecto en plantas.
_9112219
700 0 _aKramer, Paul Jackson.
_963853
830 0 _aWestview special studies in agriculture science and policy
_9121585
901 _aBK
942 _cLIBRO
949 _a581.24 R3
_bBC
_cLIBRO
_d33724000452702
_eLIBRO
_h59797
_i72495
_si
949 _a581.24 R3
_bBC
_cLIBRO
_d33724000452710
_eLIBRO
_fc.2
_h59798
_i72495
_si
999 _c64578
_d64578